|
|
|
|
| LEADER |
00000cam a2200000 4500 |
| 001 |
vtls011726055 |
| 003 |
SK-MaSNL |
| 005 |
20260301222553.0 |
| 008 |
240226s2017 xo oabcgrf 010 0dslo |
| 015 |
|
|
|a SNBA2018/03
|
| 020 |
|
|
|a 9788097211233
|q (viazané)
|
| 035 |
|
|
|a urn:nbn:sk:snk-am00dhk9
|
| 035 |
|
|
|a urn:nbn:sk:snk-am3i2i0
|
| 035 |
|
|
|a B3460A61-456D-489B-ABB5-B560F9819A42
|
| 040 |
|
|
|a SNK
|b slo
|c SNK
|e rda
|
| 041 |
0 |
|
|a slo
|b ger
|
| 043 |
|
|
|a e-xo---
|
| 044 |
|
|
|a xo
|c SK
|
| 072 |
|
7 |
|a 811.162.4
|x Slovenčina
|2 konspekt
|
| 080 |
|
|
|a 811.162.4
|2 2011
|
| 080 |
|
|
|a 81'282
|2 2011
|
| 080 |
|
|
|a (437.642)
|2 2011
|
| 080 |
|
|
|a (035)
|2 2011
|
| 080 |
|
|
|a (437.6)
|2 2011
|
| 080 |
|
|
|a 81`28
|2 2011
|
| 080 |
|
|
|a (048.8)
|2 2011
|
| 100 |
1 |
|
|a Bohušová, Zuzana,
|d 1969-
|4 aut
|9 246657
|
| 245 |
1 |
0 |
|a Nárečie Lupoče
|b o dialekte stredného Novohradu
|c Zuzana Bohušová
|
| 250 |
|
|
|a Druhé, prepracované a rozšírené vydanie
|
| 264 |
|
1 |
|a Krná
|b Miloš Hric
|c 2017
|
| 300 |
|
|
|a 167 strán
|b fotografie, ilustrácie, mapy, portréty, tabuľky
|c 18 cm
|
| 500 |
|
|
|a Obsahuje biografické údaje o autorke na obálke
|
| 504 |
|
|
|a Bibliografia na strane 153-155 ; lupočsko-slovenský slovník
|
| 546 |
|
|
|a Nemecké resumé
|
| 650 |
0 |
7 |
|a slovenčina
|2 SNKPH
|9 1350
|
| 650 |
0 |
7 |
|a dialekty
|2 SNKPH
|9 19030
|
| 650 |
0 |
7 |
|a Slovak language
|2 SNKPHeng
|9 266031
|
| 650 |
0 |
7 |
|a Dialects
|2 SNKPHeng
|9 277811
|
| 650 |
0 |
7 |
|a geografická lingvistika
|2 SNKPH
|9 838
|
| 650 |
0 |
7 |
|a Linguistic geography
|2 SNKPHeng
|9 303469
|
| 651 |
|
7 |
|a Lupoč (Slovensko)
|2 SNKPHgeo
|9 67601
|
| 651 |
|
7 |
|a Novohrad (Slovensko : región)
|2 SNKPHgeo
|9 169944
|
| 651 |
|
7 |
|a Lupoč (Slovakia)
|2 SNKPHeng
|9 612366
|
| 651 |
|
7 |
|a Novohrad (Slovakia : region)
|2 SNKPHeng
|9 157213
|
| 655 |
|
7 |
|a príručky
|2 SNKPH
|9 74364
|
| 655 |
|
7 |
|a Handbooks, manuals, etc.
|2 SNKPHeng
|9 90964
|
| 655 |
|
7 |
|a monografie
|2 SNKPH
|9 70139
|
| 655 |
|
7 |
|a Monographs
|2 SNKPHeng
|9 120675
|
| 852 |
|
|
|a Štátna vedecká knižnica v Banskej Bystrici
|
| 919 |
|
|
|a 978-80-972112-3-3
|
| 958 |
|
|
|a BX
|
| 958 |
|
|
|a NB
|
| 999 |
|
|
|c 940321
|d 942251
|
| 952 |
|
|
|a SNK
|b SNK
|y PREZ
|7 0
|p 17A1307810
|o snkSD 86927
|i snk2018/1776
|8 0
|0 0
|1 0
|4 0
|d 2018-01-22
|f 1
|l 0
|r 2026-02-24 09:16:27
|w 2026-02-24
|
| 952 |
|
|
|a SNK
|b SNK
|y VYP
|7 0
|p 17A1307811
|o snkSD 86927 D1
|i snk2018/1777
|8 0
|0 0
|1 0
|4 0
|d 2018-01-22
|l 0
|r 2026-02-24 09:16:27
|w 2026-02-24
|